<?xml version="1.0" encoding="UTF-8"?>
<record
    xmlns:xsi="http://www.w3.org/2001/XMLSchema-instance"
    xsi:schemaLocation="http://www.loc.gov/MARC21/slim http://www.loc.gov/standards/marcxml/schema/MARC21slim.xsd"
    xmlns="http://www.loc.gov/MARC21/slim">

  <leader>00691nam a2200217Ia 4500</leader>
  <controlfield tag="001">14562</controlfield>
  <controlfield tag="003">GE_BSU</controlfield>
  <controlfield tag="008">181216s||||||||xx |||||||||||||| ||und||</controlfield>
  <datafield tag="040" ind1=" " ind2=" ">
    <subfield code="c">GE_BSU</subfield>
  </datafield>
  <datafield tag="080" ind1=" " ind2=" ">
    <subfield code="a">665.637</subfield>
  </datafield>
  <datafield tag="100" ind1=" " ind2=" ">
    <subfield code="a">&#x420;&#x443;&#x441;&#x430;&#x43D;&#x43E;&#x432;&#x441;&#x43A;&#x438;&#x439;,&#x415;.&#x421;.</subfield>
  </datafield>
  <datafield tag="245" ind1=" " ind2=" ">
    <subfield code="a">&#x423;&#x441;&#x442;&#x430;&#x43D;&#x43E;&#x432;&#x43A;&#x430; &#x441;&#x435;&#x43B;&#x435;&#x43A;&#x442;&#x438;&#x432;&#x43D;&#x43E;&#x439; &#x43E;&#x447;&#x438;&#x441;&#x442;&#x43A;&#x438; &#x43C;&#x430;&#x441;&#x435;&#x43B; &#x444;&#x440;&#x435;&#x43D;&#x43E;&#x43B;&#x43E;&#x43C;(&#x41F;&#x430;&#x43C;&#x44F;&#x442;&#x43A;&#x430; &#x43E;&#x43F;&#x435;&#x440;&#x430;&#x442;&#x43E;&#x440;&#x443;).</subfield>
  </datafield>
  <datafield tag="245" ind1=" " ind2=" ">
    <subfield code="c">&#x420;&#x435;&#x434;. &#x418;.&#x410;.&#x417;&#x430;&#x445;&#x430;&#x440;&#x44C;&#x44F;&#x43D;&#x446;.</subfield>
  </datafield>
  <datafield tag="260" ind1=" " ind2=" ">
    <subfield code="a">&#x41C;.</subfield>
  </datafield>
  <datafield tag="260" ind1=" " ind2=" ">
    <subfield code="b">&#x425;&#x438;&#x43C;&#x438;&#x44F;.</subfield>
  </datafield>
  <datafield tag="260" ind1=" " ind2=" ">
    <subfield code="c">1976.</subfield>
  </datafield>
  <datafield tag="300" ind1=" " ind2=" ">
    <subfield code="a">96 &#x441;&#x442;&#x440;. 17 &#x441;&#x43C;.</subfield>
  </datafield>
  <datafield tag="300" ind1=" " ind2=" ">
    <subfield code="e">5 &#x442;&#x430;&#x431;&#x43B;. 17 &#x440;&#x438;&#x441;.</subfield>
  </datafield>
  <datafield tag="653" ind1=" " ind2=" ">
    <subfield code="a">&#x423;&#x441;&#x442;&#x430;&#x43D;&#x43E;&#x432;&#x43A;&#x430; &#x441;&#x435;&#x43B;&#x435;&#x43A;&#x442;&#x438;&#x432;&#x43D;&#x43E;&#x439; &#x43E;&#x447;&#x438;&#x441;&#x442;&#x43A;&#x438; &#x43C;&#x430;&#x441;&#x435;&#x43B; &#x444;&#x440;&#x435;&#x43D;&#x43E;&#x43B;&#x43E;&#x43C;.</subfield>
  </datafield>
  <datafield tag="942" ind1=" " ind2=" ">
    <subfield code="c">BK</subfield>
  </datafield>
  <datafield tag="999" ind1=" " ind2=" ">
    <subfield code="c">47693</subfield>
    <subfield code="d">47693</subfield>
  </datafield>
</record>
